| 000 | 00514nam a2200205 a 4500 | ||
|---|---|---|---|
| 001 | 4738 | ||
| 003 | CO-ViMGA | ||
| 008 | 141112s2004 ck r 000 u spa d | ||
| 040 |
_aCO-ViMGA _bspa _cCO-ViMGA |
||
| 082 | 0 | 4 | _a864.64 S181 |
| 100 | 1 | _aSavater, Fernando | |
| 245 | 1 | 0 | _aSobre vivir |
| 260 |
_aBarcelona : _bAriel, _c1995 |
||
| 300 | _a332 p | ||
| 490 | _aAriel, 121 | ||
| 650 | 1 | 4 |
_aCINE - ENSAYOS _92876 |
| 650 | 1 | 4 |
_aENSAYOS ESPAÑOLES _92877 |
| 650 | 1 | 4 |
_aLITERATURA - ENSAYOS _92878 |
| 942 |
_2ddc _cBK |
||
| 999 |
_c16746 _d16746 |
||